The generalized jackknife statistic

Uloženo v:
Podrobná bibliografie
Hlavní autoři: Gray, H. L (Autor), Schucany, W. R (Autor)
Médium: Kniha
Jazyk:angličtina
Vydáno: Nueva York Marcel Dekker 1972
Edice:Statistics: Textbooks and Monographs, 1
Témata:
Tagy: Přidat tag
Žádné tagy, Buďte první, kdo vytvoří štítek k tomuto záznamu!

MARC

LEADER 00000nam a2200000 a 4500
001 UCP2661
003 CL-VaPUC
008 990520e19720000US |||||||||||||||||eng|d
082 0 4 |a 519.53  |b GRA  |2 21 
100 0 |a Gray, H. L  |e author  |9 429573 
700 0 |a Schucany, W. R  |e author  |9 429574 
245 1 4 |a The generalized jackknife statistic 
300 |a 308 p 
942 |c BK 
945 |d 19990520 00:00:00  |a crobeson 
260 |a Nueva York  |b Marcel Dekker  |c 1972 
650 0 |a Estimación de parámetros  |9 344394 
650 0 |a Análisis discriminante   |9 362549 
650 7 |a INTERVALOS DE CONFIANZA  |2 CL-VaPUC  |9 424892 
583 |a last modification  |c 19990520 00:00:00  |k Rodrigo Vera 
490 0 |a Statistics: Textbooks and Monographs, 1 
999 |c 281168  |d 281166 
952 |0 0  |1 0  |4 0  |6 519_530000000000000_GRA_1972  |7 0  |8 A  |9 321839  |a BIBGIM  |b BIBGIM  |d 2019-11-20  |i 1345672  |o 519.53 GRA 1972  |p 1345672  |r 2025-01-15  |w 2019-11-20  |y BK  |k EST